000 00727nam a22001937a 4500
003 CEME
005 20210628203059.0
008 210201b xxu||||| |||| 00| 0 eng d
020 _a9781420065602
040 _c.
082 _a629.8 UTK
100 _aUtkin, Vadim , Guldner, Jurgen , Shi, Jingxin
_960157
245 _aSliding mode control in electromechanical systems
250 _a2ND
260 _aLONDON
_bCRC PRESS
_c2009
300 _aXVI,485P
650 _aSLIDING MODE CONTROL. ELECTRO-MECHANICAL SYSTEMS. SLIDING MODE CONTROL. OF PENDULUM SYSTEMS.CONTROL OF LINEAR SYSTEMS.SLIDING MODE OBSERVERS.INTEGRAL SLIDING MODE.DISCRETE TIME AND DELAY SYSTEMS.POWER CONVERTERS.ADVANCED ROBOTICS
_963204
942 _cBK
_2ddc
999 _c572098
_d572098